| 000 | 01160nam a2200325 i 4500 | ||
|---|---|---|---|
| 001 | 196831 | ||
| 003 | SpMaBN | ||
| 005 | 20250731063053.0 | ||
| 007 | t| | ||
| 008 | 241229|2024 xx |||||||||||||| ||spa|| | ||
| 017 |
_aB 3423-2024 _bOficina Depósito Legal |
||
| 020 | _a9788419558565 | ||
| 035 | _a(OCoLC)1434159774 | ||
| 040 |
_aSpMaBN _bspa _cSpMaBN _erda |
||
| 100 | 1 |
_aCarrasco, José Luis _9239404 _eaut |
|
| 245 | 1 | 0 |
_aLa personalidad y sus trastornos : _bUna introducción a la ciencia de la personalidad / _cDr. José Luis Carrasco. |
| 250 | _aTercera edición: noviembre de 2024 | ||
| 260 |
_aBarcelona : _bArpa, _c2024. |
||
| 264 | _a©2024 | ||
| 300 |
_a220 páginas ; _c21 cm |
||
| 336 |
_2rdacontent _atexto |
||
| 337 |
_2rdamedia _asin mediación |
||
| 338 |
_2rdacarrier _avolumen |
||
| 650 | 7 |
_9147554 _aPersonalidad- _xTrastornos |
|
| 852 |
_aES-MaACL _cDEPOJ _jN-10257 _xEncuadernación rústica con solapas _9206383 |
||
| 942 |
_cMONOGRAFIA _n0 |
||
| 999 |
_c196831 _d196831 |
||